Partial least squares path modeling (Record no. 97595)

MARC details
000 -LEADER
fixed length control field nam a22 7a 4500
005 - DATE AND TIME OF LATEST TRANSACTION
control field 20190824093015.0
008 - FIXED-LENGTH DATA ELEMENTS--GENERAL INFORMATION
fixed length control field 190130b ||||| |||| 00| 0 eng d
020 ## - INTERNATIONAL STANDARD BOOK NUMBER
International Standard Book Number 9783319640686
080 ## - UNIVERSAL DECIMAL CLASSIFICATION NUMBER
Universal Decimal Classification number 519.233.5
Item number PAR
245 ## - TITLE STATEMENT
Title Partial least squares path modeling
Remainder of title basic concepts methodological issues and applications
260 ## - PUBLICATION, DISTRIBUTION, ETC. (IMPRINT)
Name of publisher, distributor, etc Springer
Place of publication, distribution, etc Switzerland
Date of publication, distribution, etc 2017
300 ## - PHYSICAL DESCRIPTION
Extent xxxviii, 414p.
653 ## - INDEX TERM--UNCONTROLLED
Uncontrolled term Partial least squares
653 ## - INDEX TERM--UNCONTROLLED
Uncontrolled term Statistical technique
700 ## - ADDED ENTRY--PERSONAL NAME
Personal name Latan, Hengky Ed. by
700 ## - ADDED ENTRY--PERSONAL NAME
Personal name Noonan, Richard Ed.by
942 ## - ADDED ENTRY ELEMENTS (KOHA)
item type Books
Holdings
Lost status Source of classification or shelving scheme Not for loan Home library Current library Shelving location Date acquired Total Checkouts Full call number Barcode Date last seen Price effective from Koha item type
  Universal Decimal Classification   University Library University Library General Stacks 30/01/2019   519.233.5 PAR 00083880 30/01/2019 30/01/2019 Books
University Library, CUSAT